| 000 | 00543nam a2200181Ia 4500 | ||
|---|---|---|---|
| 008 | 100920s9999 xx 000 0 und d | ||
| 082 |
_b81982 _a891.43 न 02 |
||
| 100 | _aधुमकेतू. | ||
| 245 | _aकर्णावती. | ||
| 260 |
_bसन्मार्ग प्रकाशन, दिल्ली. _c2002 |
||
| 300 |
_a248 _bसाधी |
||
| 365 | _b250 | ||
| 520 | _aहिंदी. | ||
| 630 | _aकर्णावती. | ||
| 650 | _aहिंदी. | ||
| 730 | _aकर्णावती. | ||
| 942 | _cBOOK | ||
| 999 |
_c722732 _d722729 |
||